ბათუმის შოთა რუსთაველის სახელმწიფო უნივერსიტეტის ბიბლიოთეკა

Государство и право. №7. 2013. (ბიბ.ჩანაწერი № 41005)

000 -LEADER
fixed length control field 00581nam a2200205Ia 4500
001 - CONTROL NUMBER
control field 7653
003 - CONTROL NUMBER IDENTIFIER
control field GE_BSU
008 - FIXED-LENGTH DATA ELEMENTS--GENERAL INFORMATION
fixed length control field 181216s||||||||xx |||||||||||||| ||und||
040 ## - CATALOGING SOURCE
Transcribing agency GE_BSU
245 ## - TITLE STATEMENT
Title Государство и право. №7. 2013.
245 ## - TITLE STATEMENT
Statement of responsibility, etc. гл. ред. А.С.Автономов,и др.
260 ## - PUBLICATION, DISTRIBUTION, ETC.
Place of publication, distribution, etc. москва.
260 ## - PUBLICATION, DISTRIBUTION, ETC.
Name of publisher, distributor, etc. наука.
260 ## - PUBLICATION, DISTRIBUTION, ETC.
Date of publication, distribution, etc. 2013.июль.
300 ## - PHYSICAL DESCRIPTION
Extent 128ст;29см.
520 ## - SUMMARY, ETC.
Summary, etc. Выход 12раз в год.
653 ## - INDEX TERM--UNCONTROLLED
Uncontrolled term Государство и право
653 ## - INDEX TERM--UNCONTROLLED
Uncontrolled term პერიოდიკა
942 ## - ADDED ENTRY ELEMENTS (KOHA)
Koha item type პერიოდიკა
ეგზემპლარები
Withdrawn status Lost status Damaged status Not for loan Date acquired Barcode Date last seen Price effective from Koha item type
        2018-12-17 p75767 2018-12-17 2018-12-17 პერიოდიკა